000
00335nam a2200133Ia 4500
008
240624s9999 xx 000 0 und d
041
_a
eng
082
_a
658.8 SHA
100
_a
SHANKAR VENKATESH
245
_a
HANDBOOK OF MARKETING STRATEGY
260
_c
2013
_a
Cheltenham
_b
Edward Elgar Pub
300
_a
528 : p.
365
_c
GBP
_b
30
999
_c
26574
_d
26574